Modelling for field biologists and other interesting people / (Record no. 6974)

MARC details
000 -LEADER
fixed length control field 01474cam a22003497a 4500
001 - CONTROL NUMBER
control field 15040944
003 - CONTROL NUMBER IDENTIFIER
control field OSt
005 - DATE AND TIME OF LATEST TRANSACTION
control field 20210601133122.0
008 - FIXED-LENGTH DATA ELEMENTS--GENERAL INFORMATION
fixed length control field 071011s2007 enka b 001 0 eng
010 ## - LIBRARY OF CONGRESS CONTROL NUMBER
LC control number 2007702729
015 ## - NATIONAL BIBLIOGRAPHY NUMBER
National bibliography number GBA722469
Source bnb
016 7# - NATIONAL BIBLIOGRAPHIC AGENCY CONTROL NUMBER
Record control number 013699390
Source Uk
020 ## - INTERNATIONAL STANDARD BOOK NUMBER
International Standard Book Number 9780521831321 (hbk.)
020 ## - INTERNATIONAL STANDARD BOOK NUMBER
International Standard Book Number 9780521538565 (pbk.)
035 ## - SYSTEM CONTROL NUMBER
System control number (OCoLC)ocm86167437
040 ## - CATALOGING SOURCE
Original cataloging agency UKM
Transcribing agency DDC
Modifying agency BAKER
-- BTCTA
-- YDXCP
-- TXA
-- DLC
042 ## - AUTHENTICATION CODE
Authentication code ukblcatcopy
-- lccopycat
050 00 - LIBRARY OF CONGRESS CALL NUMBER
Classification number QH541.15.M3
Item number K65 2007
082 04 - DEWEY DECIMAL CLASSIFICATION NUMBER
Classification number 570.92KOK 2007
100 1# - MAIN ENTRY--PERSONAL NAME
Personal name Kokko, Hanna.
9 (RLIN) 14314
245 10 - TITLE STATEMENT
Title Modelling for field biologists and other interesting people /
Statement of responsibility, etc. Hanna Kokko.
260 ## - PUBLICATION, DISTRIBUTION, ETC. (IMPRINT)
Place of publication, distribution, etc. Cambridge :
Name of publisher, distributor, etc. Cambridge University Press,
Date of publication, distribution, etc. 2007.
300 ## - PHYSICAL DESCRIPTION
Extent xii, 230 p. :
Other physical details ill. ;
Dimensions 24 cm.
504 ## - BIBLIOGRAPHY, ETC. NOTE
Bibliography, etc Includes bibliographical references and index.
650 #0 - SUBJECT ADDED ENTRY--TOPICAL TERM
Topical term or geographic name as entry element Ecology
General subdivision Mathematical models.
9 (RLIN) 14315
856 42 - ELECTRONIC LOCATION AND ACCESS
Materials specified Contributor biographical information
Uniform Resource Identifier <a href="http://www.loc.gov/catdir/enhancements/fy0805/2007702729-b.html">http://www.loc.gov/catdir/enhancements/fy0805/2007702729-b.html</a>
856 42 - ELECTRONIC LOCATION AND ACCESS
Materials specified Publisher description
Uniform Resource Identifier <a href="http://www.loc.gov/catdir/enhancements/fy0805/2007702729-d.html">http://www.loc.gov/catdir/enhancements/fy0805/2007702729-d.html</a>
856 41 - ELECTRONIC LOCATION AND ACCESS
Materials specified Table of contents only
Uniform Resource Identifier <a href="http://www.loc.gov/catdir/enhancements/fy0805/2007702729-t.html">http://www.loc.gov/catdir/enhancements/fy0805/2007702729-t.html</a>
906 ## - LOCAL DATA ELEMENT F, LDF (RLIN)
a 7
b cbc
c copycat
d 2
e ncip
f 20
g y-gencatlg
942 ## - ADDED ENTRY ELEMENTS (KOHA)
Source of classification or shelving scheme Dewey Decimal Classification
Koha item type Open Shelf
Holdings
Withdrawn status Lost status Source of classification or shelving scheme Damaged status Not for loan Home library Current library Date acquired Source of acquisition Inventory number Total Checkouts Full call number Barcode Date last seen Price effective from Koha item type
    Dewey Decimal Classification     MUST Main Library MUST Main Library 01/06/2021 purchase 11/33702   570.92KOK 2007 2021-0610 01/06/2021 01/06/2021 Open Shelf